000
00260nam a22001217a 4500
008
170504b xxu||||| |||| 00| 0 eng d
041
_a
eng
080
_2
12 ED
_a
34
100
_a
14
101
_a
SHJ
245
_a
BUSINESS LAW
_c
MALLOR.J.P
942
_2
udc
_c
BK
999
_c
12671
_d
12671